<?xml version="1.0" encoding="UTF-8"?>
<record
    xmlns:xsi="http://www.w3.org/2001/XMLSchema-instance"
    xsi:schemaLocation="http://www.loc.gov/MARC21/slim http://www.loc.gov/standards/marcxml/schema/MARC21slim.xsd"
    xmlns="http://www.loc.gov/MARC21/slim">

  <leader>00394nam a2200145Ia 4500</leader>
  <controlfield tag="008">150201s2010    xx            000 0 und d</controlfield>
  <datafield tag="082" ind1=" " ind2=" ">
    <subfield code="a">616.0707</subfield>
    <subfield code="b">P2010W</subfield>
  </datafield>
  <datafield tag="100" ind1=" " ind2=" ">
    <subfield code="a">WADHWAN ,VIJAY</subfield>
  </datafield>
  <datafield tag="245" ind1=" " ind2=" ">
    <subfield code="a">PRACTICAL MANUAL OF ORAL PATHOLOGY AND MICROBIOLOGY</subfield>
  </datafield>
  <datafield tag="250" ind1=" " ind2=" ">
    <subfield code="a">1ST</subfield>
  </datafield>
  <datafield tag="260" ind1=" " ind2=" ">
    <subfield code="b">QUINTESSENCE PUBLICATION</subfield>
    <subfield code="a">CHICAGO</subfield>
    <subfield code="c">2010</subfield>
  </datafield>
  <datafield tag="300" ind1=" " ind2=" ">
    <subfield code="a">1-168</subfield>
  </datafield>
  <datafield tag="650" ind1=" " ind2=" ">
    <subfield code="a">ORAL PATHOLOGY</subfield>
  </datafield>
  <datafield tag="942" ind1=" " ind2=" ">
    <subfield code="2">ddc</subfield>
    <subfield code="c">BK</subfield>
    <subfield code="0">2</subfield>
  </datafield>
  <datafield tag="952" ind1=" " ind2=" ">
    <subfield code="0">0</subfield>
    <subfield code="1">0</subfield>
    <subfield code="2">ddc</subfield>
    <subfield code="4">0</subfield>
    <subfield code="7">0</subfield>
    <subfield code="a">FD</subfield>
    <subfield code="b">FD</subfield>
    <subfield code="d">2011-11-05</subfield>
    <subfield code="e">U.B.S.DELHI</subfield>
    <subfield code="g">175.00</subfield>
    <subfield code="h">1</subfield>
    <subfield code="i">SGTU</subfield>
    <subfield code="l">1</subfield>
    <subfield code="o">616.0707 P2010W</subfield>
    <subfield code="p">FD6442</subfield>
    <subfield code="r">2023-05-23 00:00:00</subfield>
    <subfield code="s">2023-05-15</subfield>
    <subfield code="w">2013-06-04</subfield>
    <subfield code="y">BK</subfield>
    <subfield code="k">6811</subfield>
  </datafield>
  <datafield tag="952" ind1=" " ind2=" ">
    <subfield code="0">0</subfield>
    <subfield code="1">0</subfield>
    <subfield code="2">ddc</subfield>
    <subfield code="4">0</subfield>
    <subfield code="7">0</subfield>
    <subfield code="a">FD</subfield>
    <subfield code="b">FD</subfield>
    <subfield code="d">2011-11-05</subfield>
    <subfield code="e">U.B.S.DELHI</subfield>
    <subfield code="g">175.00</subfield>
    <subfield code="h">1</subfield>
    <subfield code="i">SGTU</subfield>
    <subfield code="l">0</subfield>
    <subfield code="o">616.0707 P2010W</subfield>
    <subfield code="p">FD6443</subfield>
    <subfield code="r">2015-02-09 00:00:00</subfield>
    <subfield code="w">2013-06-04</subfield>
    <subfield code="y">BK</subfield>
    <subfield code="k">6811</subfield>
  </datafield>
  <datafield tag="952" ind1=" " ind2=" ">
    <subfield code="0">0</subfield>
    <subfield code="1">0</subfield>
    <subfield code="2">ddc</subfield>
    <subfield code="4">0</subfield>
    <subfield code="7">0</subfield>
    <subfield code="a">FD</subfield>
    <subfield code="b">FD</subfield>
    <subfield code="d">2013-01-24</subfield>
    <subfield code="e">AHUJA BOOK CO.-NEW DELHI</subfield>
    <subfield code="g">195.00</subfield>
    <subfield code="h">1</subfield>
    <subfield code="i">SGTU</subfield>
    <subfield code="l">0</subfield>
    <subfield code="o">616.0707 P2010W</subfield>
    <subfield code="p">FD6793</subfield>
    <subfield code="r">2015-02-09 00:00:00</subfield>
    <subfield code="w">2013-08-12</subfield>
    <subfield code="y">BK</subfield>
    <subfield code="k">3108</subfield>
  </datafield>
  <datafield tag="952" ind1=" " ind2=" ">
    <subfield code="0">0</subfield>
    <subfield code="1">0</subfield>
    <subfield code="2">ddc</subfield>
    <subfield code="4">0</subfield>
    <subfield code="7">0</subfield>
    <subfield code="a">FD</subfield>
    <subfield code="b">FD</subfield>
    <subfield code="d">2013-01-24</subfield>
    <subfield code="e">AHUJA BOOK CO.-NEW DELHI</subfield>
    <subfield code="g">195.00</subfield>
    <subfield code="h">1</subfield>
    <subfield code="i">SGTU</subfield>
    <subfield code="l">1</subfield>
    <subfield code="o">616.0707 P2010W</subfield>
    <subfield code="p">FD6794</subfield>
    <subfield code="r">2024-04-04 00:00:00</subfield>
    <subfield code="s">2024-04-04</subfield>
    <subfield code="w">2013-08-12</subfield>
    <subfield code="y">BK</subfield>
    <subfield code="k">3108</subfield>
  </datafield>
  <datafield tag="952" ind1=" " ind2=" ">
    <subfield code="0">0</subfield>
    <subfield code="1">0</subfield>
    <subfield code="2">ddc</subfield>
    <subfield code="4">0</subfield>
    <subfield code="7">0</subfield>
    <subfield code="a">FD</subfield>
    <subfield code="b">FD</subfield>
    <subfield code="d">2013-01-24</subfield>
    <subfield code="e">AHUJA BOOK CO.-NEW DELHI</subfield>
    <subfield code="g">195.00</subfield>
    <subfield code="h">1</subfield>
    <subfield code="i">SGTU</subfield>
    <subfield code="l">0</subfield>
    <subfield code="o">616.0707 P2010W</subfield>
    <subfield code="p">FD6795</subfield>
    <subfield code="r">2015-02-09 00:00:00</subfield>
    <subfield code="w">2013-08-12</subfield>
    <subfield code="y">BK</subfield>
    <subfield code="k">3108</subfield>
  </datafield>
  <datafield tag="952" ind1=" " ind2=" ">
    <subfield code="0">0</subfield>
    <subfield code="1">0</subfield>
    <subfield code="2">ddc</subfield>
    <subfield code="4">0</subfield>
    <subfield code="7">0</subfield>
    <subfield code="a">FD</subfield>
    <subfield code="b">FD</subfield>
    <subfield code="d">2013-01-24</subfield>
    <subfield code="e">AHUJA BOOK CO.-NEW DELHI</subfield>
    <subfield code="g">195.00</subfield>
    <subfield code="h">1</subfield>
    <subfield code="i">SGTU</subfield>
    <subfield code="l">0</subfield>
    <subfield code="o">616.0707 P2010W</subfield>
    <subfield code="p">FD6796</subfield>
    <subfield code="r">2015-02-09 00:00:00</subfield>
    <subfield code="w">2013-08-12</subfield>
    <subfield code="y">BK</subfield>
    <subfield code="k">3108</subfield>
  </datafield>
  <datafield tag="952" ind1=" " ind2=" ">
    <subfield code="0">0</subfield>
    <subfield code="1">0</subfield>
    <subfield code="2">ddc</subfield>
    <subfield code="4">0</subfield>
    <subfield code="7">0</subfield>
    <subfield code="a">FD</subfield>
    <subfield code="b">FD</subfield>
    <subfield code="d">2013-01-24</subfield>
    <subfield code="e">AHUJA BOOK CO.-NEW DELHI</subfield>
    <subfield code="g">195.00</subfield>
    <subfield code="h">1</subfield>
    <subfield code="i">SGTU</subfield>
    <subfield code="l">0</subfield>
    <subfield code="o">616.0707 P2010W</subfield>
    <subfield code="p">FD6797</subfield>
    <subfield code="r">2015-02-09 00:00:00</subfield>
    <subfield code="w">2013-08-12</subfield>
    <subfield code="y">BK</subfield>
    <subfield code="k">3108</subfield>
  </datafield>
  <datafield tag="999" ind1=" " ind2=" ">
    <subfield code="c">4657</subfield>
    <subfield code="d">4657</subfield>
  </datafield>
</record>
